Systémy organizácie a riadenia výroby v podmienkach pružnej automatizácie téma B -1

Enregistré dans:
Détails bibliographiques
Format: Livre
Langue:slovaque
Publié: Bratislava VŠE 1987
Tags: Ajouter un tag
Pas de tags, Soyez le premier à ajouter un tag!

MARC

LEADER 00000nam a2200000 4500
001 c029517
005 20260325112259.9
041 0 |a slo 
044 |a SK 
245 1 0 |a Systémy organizácie a riadenia výroby v podmienkach pružnej automatizácie  |b téma B -1 
264 1 |a Bratislava  |b VŠE  |c 1987 
300 |a 43, 40, 30 s.